01039 2200337 4500001002100000005001500021035002500036007000300061008004100064020002200105040001700127082001600144084001600160090002000176090002200196100003000218245013200248250001800380260003000398300003500428500001100463504002600474650003100500700002100531700003300552700003800585850001200623999002200635990002200657990002200679INLIS00000000002898620200508035517 a0010-071700000000156ta170707s2015 yoia g 1 ind d a978-602-8950-59-6 aYOPDYOGbind042[22]a745.4 a745.4 BEX k aDEP 745.4 BEX k aCB-D.11 2015-25870 aBexzy Kurnilasari,d1990-10aKreasi busana dengan teknik draping /cBexzy Kurnilasari, Kusminarko Warno; penyunting, Fiki Puspitasari, Listiana Setyaningrum aEd. 1, Cet. 131aYogyakarta :bKTSP,c2013 aiv, 76 hlm. :bilus. ;c25 cm. aIndeks aBibliografi : hlm. 74 4aPakaian--xDesain dan pola0 aKusminarko Warno0 aFiki Puspitasariepenyunting0 aListiana Setyaningrumepenyunting aYOPDYOG aCB-D.11/2015-2587 aCB-D.11/2015-2587 aCB-D.11/2015-2587